000 03057cam a22006134i 4500
003 PE-LiUPU
005 20250731170438.0
008 150625s2001 spaa r 000 0 spa d
020 _a8475844472
020 _a9788475844473
035 _a(Sirsi) i9788475844473
040 _aPE-LiUPU
_bspa
_cPE-LiUPU
_dPE-LiUPU
_erda
049 _aPRUA
082 0 4 _a155.4
_bT71
_221
100 1 _aTomas, Josep ed.,
_eautor.
245 1 0 _aPsicosomática, bulimia, obesidad y otros trastornos de la conducta en la infancia y la adolescencia /
_cJosep Tomas ed.
264 1 _aBarcelona :
_bLaertes,
_c2001.
300 _a192 páginas :
_bilustraciones ;
_c24 centímetros.
336 _atext
_2rdacontent
337 _aunmediated
_2rdamedia
338 _avolume
_2rdacarrier
490 0 _aCuadernos de Paidopsiquiatría ;
_vVIII
504 _aIncluye referencias bibliográficas al final de cada artículo.
505 0 _aEducación en la primera infancia -- Los trastornos psicosomáticos como expresión de la interacción madre-hijo en las primeras épocas de la vida desde el punto de vista pediátrico -- La enfermedad crónica y la familia -- Estructura del trastorno obsesivo-compulsivo: Signos de alarma-prevención en la infancia -- Anorexia nerviosa y bulimia nerviosa en niños y adolescentes (Revisión de los criterios más recientes) -- Fobia social en la infancia y la adolescencia -- Abordaje terapéutico: técnicas cognitivo-conductuales en el trastorno de fobia social generalizada en un caso -- Diagnóstico diferencial y tratamiento del insomnio en la infancia -- Efectos cognitivos y emocionales en el niño con hipotiroidismo congénito -- Perfil psicopatológico en una muestra de adolescentes obesos -- Perfil psicopatológico y relacional de las familias con obesidad -- Manifestación clínica y factores de riesgo asociado al trastorno de conducta en la infancia y adolescencia: revisión bibliográfica. . Planificación de un hospital de día infanto-juvenil.
526 _aSEG68
526 _aSEG70
526 _aSEG69
526 _aSEG67
526 _aSEG43
526 _aP144
526 _aP143
526 _aP131
526 _aP122
526 _aP120
526 _aP117
526 _aP112
526 _aP110
526 _aP106
526 _aP101
526 _aP80
526 _aP59
526 _aP54
526 _aP35
526 _aP33
526 _aP30
541 _g00146;
650 0 4 _aConducta del adolescente
_xAspectos psicológicos.
650 0 4 _aConducta infantil
_xAspectos psicológicos.
942 _2ddc
_cBOOK
949 _a155.4 T71
_wDEWEY
_c1
_i53955
_lCCODEBUL1
_mBUL
_p44.00
_r0
_sY
_tBOOK
_u2015-6-25
_xSALUD
_zUNKNOWN
_0COMPRA
_o.STAFF. Colección Ciencias de la Salud
994 _aC0
_bPEPRU
596 _a1
999 _a155.4 T71
_wDEWEY
_c44038
_i53955
_d44038
_e2017-8-14
_f2021-11-3
_g5
_lCCODEBUL1
_mBUL
_n1
_p44.00
_r0
_sY
_tBOOK
_u2015-6-25
_xSALUD
_zUNKNOWN
_0COMPRA
_o.STAFF. Colección Ciencias de la Salud
980 _81
_gALBERTO SANCHEZ Responsable de Automatización